Tú no lo entiendes / (Record no. 71919)

MARC details
000 -LEADER
campo de control de longitud fija 00593nam a2200217 i 4500
001 - NÚMERO DE CONTROL
campo de control 71919
003 - IDENTIFICADOR DE NÚMERO DE CONTROL
campo de control ES-MaACL
005 - FECHA Y HORA DE LA ÚLTIMA TRANSACCIÓN
campo de control 20230906171255.0
007 - CAMPO FIJO DE DESCRIPCIÓN FÍSICA--INFORMACIÓN GENERAL
campo de control de longitud fija t|
008 - DATOS DE LONGITUD FIJA--INFORMACIÓN GENERAL
campo de control de longitud fija 040820s1957 sp ||||1| spa d
100 1# - ENTRADA PRINCIPAL--NOMBRE DE PERSONA
Nombre de persona Gil, Antonio.
9 (RLIN) 56717
245 10 - MENCIÓN DEL TÍTULO
Título Tú no lo entiendes /
Mención de responsabilidad, etc. Antonio Gil ; prólogo de John Lodwick.
250 ## - MENCION DE EDICION
Mención de edición [1ª ed.].
260 ## - PUBLICACIÓN, DISTRIBUCIÓN, ETC.
Lugar de publicación, distribución, etc. Barcelona :
Nombre del editor, distribuidor, etc. José Janés,
Fecha de publicación, distribución, etc. 1957 (
Fabricante Miguza)
300 ## - DESCRIPCIÓN FÍSICA
Extensión 277 p. ;
Dimensiones 17 cm.
490 1# - MENCIÓN DE SERIE
Mención de serie Doy fe
700 1# - ENTRADA AGREGADA--NOMBRE PERSONAL
Nombre de persona Lodwick, John.
9 (RLIN) 73081
830 0# - PUNTO DE ACCESO ADICIONAL DE SERIE-TÍTULO UNIFORME
Título uniforme Doy fe
9 (RLIN) 181823
852 ## - LOCALIZACIÓN
Ubicación ES-MaACL
Número de control de estantería C-13773
Sublocalización o colección R.41498
Holdings
Estatus retirado Estado de pérdida Estado de daño No para préstamo Biblioteca de origen Biblioteca actual Ubicación en estantería Fecha de adquisición Fuente de adquisición Total de préstamos Signatura topográfica completa Código de barras Visto por última vez Precio de reemplazo Tipo de ítem Koha
        Biblioteca del Ateneo de Madrid Biblioteca del Ateneo de Madrid Sala Palomar 17/01/2008     C-13773 1075287 23/02/2023 23/02/2023 Libro impreso